000 00409nam a2200145 4500
245 _aIntroduction to Sankara's theory of knowlege
_cby N. K. Deveraja
100 _aDeveraja, N. K.
250 _a2nd ed.
260 _aDelhi
_bMotilal Banarasidas
_c1972
300 _axiv,216p.; 22cm.
082 _a181.481
_bDEV
650 _aVedanta
650 _aKnowledge,theory of
650 _aSankara's theory of knowlege
999 _c16019
_d16019